| 000 | 00566nam a2200217Ia 4500 | ||
|---|---|---|---|
| 005 | 20241129120317.0 | ||
| 008 | 241129s9999||||xx |||||||||||||| ||und|| | ||
| 020 | _a9789393603432 | ||
| 037 | _aTB | ||
| 040 |
_aSDCL _beng _cSDCL |
||
| 041 |
_ahin _2hin |
||
| 084 |
_aO152,6N48x R3 _qSDCL |
||
| 100 |
_aSharma Nasera _9393750 |
||
| 245 | 0 | _aAurat ki aawaz | |
| 260 |
_aDelhi _bDelhi Lokbharti prakashan India _c2023 |
||
| 300 | _a165p | ||
| 365 |
_aINR _b495 |
||
| 650 | _aHindi | ||
| 942 |
_cTB _hO152,6N48x R3 |
||
| 999 |
_c1234277 _d1234277 |
||